| 000 | 00338 a2200145 4500 | ||
|---|---|---|---|
| 001 | 47522 | ||
| 020 | _a978-85-7888-322-5 | ||
| 040 | _cAnchieta - Aquarius | ||
| 240 | 1 | 0 |
_aMeu pequeno botão de rosa _lpor |
| 245 | 1 | 0 | _aMeu pequeno botão de rosa |
| 300 | _a36p. | ||
| 362 | 0 | _a2013 | |
| 650 | 4 | _aLiteratura infanto-juvenil | |
| 942 | _cBK | ||
| 999 |
_c47522 _d47522 |
||